| 000 | 00777nam a22002777a 4500 | ||
|---|---|---|---|
| 001 | |||
| 003 | DO-SdBNP | ||
| 005 | 20220405074622.0 | ||
| 007 | |||
| 008 | 151005b1998 mx 00| 0 spa d | ||
| 020 | _a968409700X | ||
| 040 |
_aBPMSU _bspa _cBPMSU |
||
| 082 |
_a920.072 _bM181s 1998 _222 |
||
| 092 |
_aXXXX _bXXXX |
||
| 100 | 1 | _aMadera Ferrón, Héctor. | |
| 245 | 1 | 0 |
_aSilencio... genios trabajando : _blos artistas que yo conocí / _c Héctor Madera Ferrón. |
| 250 | _a2a. ed. | ||
| 260 |
_aMéxico : _bAnlversario Adamex , _c1998 |
||
| 300 |
_a198 p. ; _c24 cm. _b |
||
| 490 | 0 |
_aTiempo aquel ; _v1 |
|
| 590 | _6Inventariado, 2022/VM | ||
| 650 | 4 |
_aArtistas mexicanos _vBiografías. |
|
| 651 | 4 |
_aMéxico _vBiografías. |
|
| 910 | _a VMateo V. | ||
| 942 |
_2ddc _cBK |
||
| 999 |
_c14139 _d14139 |
||